000 00641nam a2200265Ia 4500
005 20260121165904.0
008 008 260114s9999 xx 000 0 eng d
020 _a9789463006545
037 _aEBOOK
040 _aCRL
040 _beng
040 _cCRL
041 _2eng
041 _aeng
084 _qCRL
100 _aM. Fernanda Astiz, Motoko Akiba
_91057277
245 4 _aThe Global and the Local
260 _bSpringer
260 _bSpringer
260 _c2016
856 _uhttps://link.springer.com/openurl?genre=book&isbn=978-94-6300-654-5
942 _cEBOOK
999 _c1623005
_d1623005